Image databases : search and retrieval of digital imagery

Αποθηκεύτηκε σε:
Λεπτομέρειες βιβλιογραφικής εγγραφής
Άλλοι συγγραφείς: Castelli, Vittorio (Επιμελητής έκδοσης), Bergman, Lawrence D., 1953- (Επιμελητής έκδοσης)
Μορφή: Βιβλίο
Γλώσσα:English
Δημοσίευση: New York : John Wiley & Sons, c2002.
Θέματα:
Ετικέτες: Προσθήκη ετικέτας
Δεν υπάρχουν, Καταχωρήστε ετικέτα πρώτοι!

MARC

LEADER 00000cam a2200000 i 4500
001 1/43088
008 031023s2002 nyu ||| | eng||
020 |a 0471321168 
035 |l 10071285 
040 |a GR-MyUA  |b gre  |e AACR2 
041 0 |a eng 
082 0 |a 621.367  
245 1 0 |a Image databases :   |b search and retrieval of digital imagery /   |c edited by Vittorio Castelli, Lawrence D. Bergman.  
260 |a New York :   |b John Wiley & Sons,   |c c2002.  
300 |a xvi, 589 σ. :   |b εικ. ;   |c 25 εκ.  
504 |a Περιέχει βιβλιογραφικές παραπομπές και ευρετήριο.  
650 0 0 |a Image processing  |x Digital techniques. 
650 0 0 |a Multimedia systems. 
650 0 0 |a Database searching. 
700 1 |a Castelli, Vittorio,  |e edt 
700 1 |a Bergman, Lawrence D.,   |d 1953-  |e edt 
852 |a INST  |b SAMOS  |e 20031023  |h 621.367 IMA  |p 005300023776  |q 005300023776  |t BK  |y 0 
901 |a BIBL3-2003-3 
909 |a Σ  |b 099278 
922 |a 3ΕΛΗ  |b 200008  |c ΤΠΕΣ/ΠΟΛ2  |d LEADER 
970 |a ΠΟΥΡΝΑΡΑΣ  |b ΔΗΜΗΤΡΗΣ  |z 2003/10/23